Normal view
MARC view
- Pengetahuan Am
Entry Topical Term
001 - CONTROL NUMBER
- control field: 4053
003 - CONTROL NUMBER IDENTIFIER
- control field: OSt
005 - DATE AND TIME OF LATEST TRANSACTION
- control field: 20170512153525.0
008 - FIXED-LENGTH DATA ELEMENTS
- fixed length control field: 170512|| aca||aabn | a|a d
040 ## - CATALOGING SOURCE
- Original cataloging agency: OSt
- Transcribing agency: OSt
150 ## - HEADING--TOPICAL TERM
- Topical term or geographic name entry element: Pengetahuan Am
670 ## - SOURCE DATA FOUND
- Source citation: Work cat.: (OSt): Kementerian-kementerian Jabatan dan Agensi, 2005

PORTAL AKMAL
E-MEL JKDM
AKMAL2U
G-BAM
u-PUSTAKA